[Event "Titled Tuesday intern op 06th Feb Late"]
[Site "Chess.com INT"]
[Date "2024.02.06"]
[Round "11"]
[White "Tarhan, Adar"]
[Black "Pinheiro, Iung Alicio"]
[Result "1-0"]
[WhiteElo "2415"]
[BlackElo "2270"]
[PlyCount "65"]
[EventDate "2024.02.06"]
[EventType "swiss (blitz)"]
[EventRounds "11"]
[EventCountry "USA"]
[SourceTitle "CB07_2024"]
[SourceDate "2024.02.14"]
[SourceVersion "1"]
[SourceVersionDate "2024.02.14"]
[SourceQuality "1"]

1. e4 e5 2. Nf3 d6 3. Nc3 Nf6 4. Bc4 Be7 5. d4 exd4 6. Nxd4 0-0 7. Bb3 Re8 8. 0-0 Bf8 9. Bg5 h6 10. Bh4 Nc6 11. Re1 Nxd4 12. Qxd4 Be7 13. Rad1 c6 14. e5 dxe5 15. Qxe5 Bd7 16. Qf4 g5 17. Bxg5 hxg5 18. Qxg5+ Kh8 19. Bxf7 Nh7 20. Qh5 Rg8 21. Bxg8 Kxg8 22. Qg6+ Kh8 23. Qf7 Qe8 24. Qxe8+ Bxe8 25. Rxe7 Bg6 26. Rxb7 Bxc2 27. Rdd7 Re8 28. f3 Re1+ 29. Kf2 Re8 30. Rxa7 Bg6 31. Rd6 Bc2 32. Rxc6 Ng5 33. Nd5 1-0

[Event "Titled Tuesday intern op 23rd Jan Late"]
[Site "Chess.com INT"]
[Date "2024.01.23"]
[Round "5"]
[White "Gerbelli Neto, Eduardo"]
[Black "Pinheiro, Iung Alicio"]
[Result "1-0"]
[WhiteElo "2114"]
[BlackElo "2270"]
[PlyCount "59"]
[EventDate "2024.01.23"]
[EventType "swiss (blitz)"]
[EventRounds "11"]
[EventCountry "USA"]
[SourceTitle "CB05_2024"]
[SourceDate "2024.01.31"]
[SourceVersion "1"]
[SourceVersionDate "2024.01.31"]
[SourceQuality "1"]

1. e4 c5 2. Nc3 a6 3. f4 b5 4. g3 Bb7 5. Bg2 e6 6. d3 d5 7. Qe2 Nf6 8. e5 Ng8 9. Nf3 Nh6 10. d4 Nf5 11. Be3 Nc6 12. Rd1 cxd4 13. Nxd4 Ncxd4 14. Bxd4 Nxd4 15. Rxd4 Bc5 16. Rd3 b4 17. Ne4 Qa5 18. Nxc5 Qxc5 19. f5 a5 20. fxe6 fxe6 21. Qh5+ g6 22. Qg4 Qb6 23. Bh3 Kd7 24. Rf3 Rae8 25. Rf7+ Re7 26. Rhf1 Rhe8 27. R1f6 Qe3+ 28. Kd1 Qxe5 29. Rxe6 Qd4+ 30. Qxd4 1-0

[Event "Titled Tuesday intern op 23rd Jan Late"]
[Site "Chess.com INT"]
[Date "2024.01.23"]
[Round "11"]
[White "Modric, Nesa"]
[Black "Pinheiro, Iung Alicio"]
[Result "0-1"]
[WhiteElo "2128"]
[BlackElo "2270"]
[PlyCount "96"]
[EventDate "2024.01.23"]
[EventType "swiss (blitz)"]
[EventRounds "11"]
[EventCountry "USA"]
[SourceTitle "CB05_2024"]
[SourceDate "2024.01.31"]
[SourceVersion "1"]
[SourceVersionDate "2024.01.31"]
[SourceQuality "1"]

1. e4 c5 2. c3 Qa5 3. Na3 e6 4. Nc4 Qc7 5. Nf3 Nc6 6. d4 d5 7. exd5 exd5 8. Nce5 cxd4 9. cxd4 Nf6 10. Be2 Bd6 11. Nxc6 bxc6 12. 0-0 0-0 13. h3 a5 14. Bd3 Ba6 15. Re1 Rfb8 16. Ne5 Bxd3 17. Qxd3 c5 18. b3 a4 19. Bf4 axb3 20. axb3 Rxa1 21. Rxa1 c4 22. bxc4 dxc4 23. Qf3 c3 24. Ra8 c2 25. Rxb8+ Qxb8 26. Bc1 h6 27. Nc4 Bf8 28. d5 Qb1 29. Qe3 Nxd5 30. Qd2 Nc3 31. Ne3 Qxc1+ 32. Qxc1 Ne2+ 33. Kh2 Nxc1 34. Nxc2 Nd3 35. f3 Bc5 36. g4 Kf8 37. Kg3 Ke7 38. f4 Ke6 39. Na1 Nc1 40. Nc2 Kd5 41. h4 Kc4 42. h5 Nd3 43. g5 Kc3 44. gxh6 gxh6 45. Na1 Kb2 46. Kg4 Bd4 47. Kf5 Kxa1 48. Ke4 Nxf4 0-1

[Event "Titled Tuesday intern op 23rd Jan Late"]
[Site "Chess.com INT"]
[Date "2024.01.23"]
[Round "6"]
[White "Pinheiro, Iung Alicio"]
[Black "Cardozo Munar, Carlos Eduardo"]
[Result "1-0"]
[WhiteElo "2270"]
[BlackElo "2043"]
[PlyCount "75"]
[EventDate "2024.01.23"]
[EventType "swiss (blitz)"]
[EventRounds "11"]
[EventCountry "USA"]
[SourceTitle "CB05_2024"]
[SourceDate "2024.01.31"]
[SourceVersion "1"]
[SourceVersionDate "2024.01.31"]
[SourceQuality "1"]

1. d4 d5 2. Nf3 c6 3. c4 Nf6 4. cxd5 cxd5 5. Nc3 e6 6. Bf4 Nc6 7. Rc1 Bd6 8. Bg5 h6 9. Bh4 Bd7 10. e3 a6 11. Bd3 Qe7 12. 0-0 Rc8 13. Na4 g5 14. Bg3 Bxg3 15. fxg3 Nb4 16. Rxc8+ Bxc8 17. Bb1 b5 18. Nc5 Nc6 19. a4 b4 20. Qe2 Ng4 21. Nd2 f5 22. h3 Nf6 23. g4 fxg4 24. Bg6+ Kd8 25. hxg4 Rf8 26. Nxa6 Nd7 27. Nb3 Rxf1+ 28. Qxf1 Qf8 29. Qe2 Qd6 30. Nac5 Nb6 31. Bd3 e5 32. Bf5 e4 33. Qb5 Qc7 34. Bxc8 Kxc8 35. a5 Nd7 36. Qa6+ Kd8 37. Ne6+ Ke7 38. Nxc7 1-0